Little Red Riding Hood / (Record no. 45124)
| 000 -LEADER | |
|---|---|
| fixed length control field | 00425nam a2200133 4500 |
| 020 ## - INTERNATIONAL STANDARD BOOK NUMBER | |
| International Standard Book Number | 9781949679519 |
| 100 ## - MAIN ENTRY--PERSONAL NAME | |
| Personal name | Lambert, Nat. |
| 9 (RLIN) | 83287 |
| 245 ## - TITLE STATEMENT | |
| Title | Little Red Riding Hood / |
| Statement of responsibility, etc | Nat Lambert. Rosie Butcher. |
| 260 ## - PUBLICATION, DISTRIBUTION, ETC. (IMPRINT) | |
| Place of publication, distribution, etc | New York: |
| Name of publisher, distributor, etc | Little Hippo Books, |
| Date of publication, distribution, etc | 2018. |
| 300 ## - PHYSICAL DESCRIPTION | |
| Extent | unpaged. |
| Other physical details | col. ill. |
| Dimensions | 21 cm. |
| 650 ## - SUBJECT ADDED ENTRY--TOPICAL TERM | |
| Topical term or geographic name as entry element | Little red riding hood story book. |
| 9 (RLIN) | 83738 |
| 700 ## - ADDED ENTRY--PERSONAL NAME | |
| Relator code | Illustrator. |
| Personal name | Rosie Butcher. |
| 9 (RLIN) | 83739 |
| 942 ## - ADDED ENTRY ELEMENTS (KOHA) | |
| Source of classification or shelving scheme | |
| Koha item type | Board Book |
| Withdrawn status | Lost status | Source of classification or shelving scheme | Damaged status | Not for loan | Collection code | Home library | Current library | Date acquired | Total Checkouts | Full call number | Barcode | Date last seen | Price effective from | Koha item type | Date checked out |
|---|---|---|---|---|---|---|---|---|---|---|---|---|---|---|---|
| Siem Riep | Asian Hope Siem Reap | Asian Hope Siem Reap | 04/19/2023 | BB LAM | 203799 | 04/19/2023 | 04/19/2023 | Book | |||||||
| Logos International School | Logos International School | 10/01/2025 | 2 | BB LAM | 041779 | 02/20/2026 | 10/01/2025 | Board Book | 02/06/2026 |